[Event "DVM U12 2024"]
[Site "Heidelberg GER"]
[Date "2024.12.27"]
[Round "2"]
[White "Engelhaupt, Henry"]
[Black "Botvinnik, Julius"]
[Result "1-0"]
[Termination "normal"]
[Board "3.2"]
[WhiteElo "1905"]
[BlackElo "1700"]
[WhiteClock "01:30:04"]
[BlackClock "01:22:26"]
[WhiteTeam "SV Werder Bremen"]
[BlackTeam "Düsseldorfer SK 14/25"]
[PlyCount "59"]
[WhiteFideId "34644814"]
[BlackFideId "34612149"]
[EventCountry "GER"]
[EventRounds "7"]
[EventType "team-swiss"]
[EventDate "2024.12.26"]

1. e4 {[%clk 01:30:58]} {[%emt 00:00:01]} e5 {[%clk 01:30:51]} {[%emt
00:00:09]} 2. Nf3 {[%clk 01:31:24]} {[%emt 00:00:04]} Nc6 {[%clk 01:31:14]}
{[%emt 00:00:08]} 3. Bc4 {[%clk 01:31:49]} {[%emt 00:00:04]} Bc5 {[%clk
01:31:39]} {[%emt 00:00:05]} 4. d4 {[%clk 01:31:50]} {[%emt 00:00:30]} Bxd4
{[%clk 01:31:18]} {[%emt 00:00:50]} 5. Nxd4 {[%clk 01:32:12]} {[%emt 00:00:09]}
Nxd4 {[%clk 01:31:00]} {[%emt 00:00:48]} 6. Be3 {[%clk 01:32:27]} {[%emt
00:00:14]} Nc6 {[%clk 01:31:11]} {[%emt 00:00:18]} 7. Qg4 {[%clk 01:31:48]}
{[%emt 00:01:09]} Qf6 {[%clk 01:29:43]} {[%emt 00:01:59]} 8. Nc3 {[%clk
01:31:16]} {[%emt 00:01:01]} d5 {[%clk 01:29:23]} {[%emt 00:00:52]} 9. Qg3
{[%clk 01:31:32]} {[%emt 00:00:13]} dxc4 {[%clk 01:29:09]} {[%emt 00:00:44]}
10. Nd5 {[%clk 01:31:53]} {[%emt 00:00:10]} Qd6 {[%clk 01:27:50]} {[%emt
00:01:48]} 11. Qxg7 {[%clk 01:31:59]} {[%emt 00:00:23]} Be6 {[%clk 01:25:58]}
{[%emt 00:02:23]} 12. Qxh8 {[%clk 01:31:19]} {[%emt 00:01:10]} O-O-O {[%clk
01:25:39]} {[%emt 00:00:49]} 13. Qxh7 {[%clk 01:30:53]} {[%emt 00:00:56]} Bxd5
{[%clk 01:25:36]} {[%emt 00:00:33]} 14. exd5 {[%clk 01:31:11]} {[%emt
00:00:11]} Qxd5 {[%clk 01:25:46]} {[%emt 00:00:21]} 15. Qh3+ {[%clk 01:30:49]}
{[%emt 00:00:51]} Kb8 {[%clk 01:26:08]} {[%emt 00:00:10]} 16. O-O {[%clk
01:30:32]} {[%emt 00:00:46]} Nd4 {[%clk 01:26:03]} {[%emt 00:00:37]} 17. c3
{[%clk 01:29:35]} {[%emt 00:01:27]} Ne2+ {[%clk 01:25:24]} {[%emt 00:01:08]}
18. Kh1 {[%clk 01:29:51]} {[%emt 00:00:13]} Nf4 {[%clk 01:22:45]} {[%emt
00:03:09]} 19. Bxf4 {[%clk 01:29:40]} {[%emt 00:00:41]} exf4 {[%emt 00:00:07]}
20. Qf3 {[%clk 01:29:09]} {[%emt 00:00:55]} Qxf3 {[%clk 01:20:18]} {[%emt
00:03:27]} 21. gxf3 {[%clk 01:29:33]} {[%emt 00:00:05]} Rd3 {[%clk 01:20:07]}
{[%emt 00:00:40]} 22. Rad1 {[%clk 01:29:38]} {[%emt 00:00:24]} c5 {[%clk
01:20:20]} {[%emt 00:00:18]} 23. Rxd3 {[%clk 01:29:35]} {[%emt 00:00:34]} cxd3
{[%clk 01:20:45]} {[%emt 00:00:05]} 24. c4 {[%clk 01:29:58]} {[%emt 00:00:07]}
Ne7 {[%clk 01:20:42]} {[%emt 00:00:32]} 25. Rd1 {[%clk 01:30:17]} {[%emt
00:00:11]} Nf5 {[%clk 01:21:07]} {[%emt 00:00:06]} 26. Rxd3 {[%emt 00:00:34]}
Nd4 {[%clk 01:21:34]} 27. Kg2 {[%clk 01:29:22]} {[%emt 00:01:19]} a6 {[%clk
01:21:45]} {[%emt 00:00:23]} 28. Rxd4 {[%clk 01:29:16]} {[%emt 00:00:35]} cxd4
{[%emt 00:00:15]} 29. h4 {[%clk 01:29:40]} d3 {[%clk 01:22:26]} {[%emt
00:00:11]} 30. Kf1 {[%clk 01:30:04]} {[%emt 00:00:06]} 1-0

[Event "DVM U12 2024"]
[Site "Heidelberg GER"]
[Date "2024.12.27"]
[Round "2"]
[White "Rudnizki, Valentin"]
[Black "Grabowski, Joshua"]
[Result "0-1"]
[Termination "normal"]
[Board "3.3"]
[WhiteElo "1448"]
[BlackElo "1745"]
[WhiteClock "01:15:05"]
[BlackClock "01:00:12"]
[WhiteTeam "Düsseldorfer SK 14/25"]
[BlackTeam "SV Werder Bremen"]
[PlyCount "98"]
[WhiteFideId "34673369"]
[BlackFideId "34678344"]
[EventCountry "GER"]
[EventRounds "7"]
[EventType "team-swiss"]
[EventDate "2024.12.26"]

1. e4 {[%clk 01:30:54]} {[%emt 00:00:05]} e6 {[%clk 01:30:56]} {[%emt
00:00:04]} 2. d4 {[%clk 01:31:13]} {[%emt 00:00:11]} d5 {[%clk 01:31:22]}
{[%emt 00:00:04]} 3. Nc3 {[%clk 01:31:23]} {[%emt 00:00:20]} Nf6 {[%clk
01:31:46]} {[%emt 00:00:06]} 4. Bg5 {[%clk 01:31:37]} {[%emt 00:00:16]} dxe4
{[%clk 01:32:11]} {[%emt 00:00:05]} 5. Nxe4 {[%clk 01:31:45]} {[%emt 00:00:21]}
Be7 {[%clk 01:32:38]} {[%emt 00:00:04]} 6. Nxf6+ {[%clk 01:31:47]} {[%emt
00:00:29]} Bxf6 {[%clk 01:33:06]} {[%emt 00:00:02]} 7. Bxf6 {[%clk 01:32:04]}
{[%emt 00:00:12]} Qxf6 {[%clk 01:33:34]} {[%emt 00:00:02]} 8. Nf3 {[%clk
01:31:51]} {[%emt 00:00:44]} c5 {[%clk 01:33:17]} {[%emt 00:00:46]} 9. c3
{[%clk 01:31:21]} {[%emt 00:00:59]} cxd4 {[%clk 01:30:22]} {[%emt 00:03:26]}
10. Nxd4 {[%clk 01:31:12]} {[%emt 00:00:39]} a6 {[%clk 01:29:43]} {[%emt
00:01:10]} 11. Bd3 {[%clk 01:30:52]} {[%emt 00:00:46]} O-O {[%clk 01:26:33]}
{[%emt 00:03:43]} 12. O-O {[%clk 01:30:46]} {[%emt 00:00:35]} Rd8 {[%clk
01:24:06]} {[%emt 00:02:58]} 13. Re1 {[%clk 01:30:14]} {[%emt 00:01:01]} e5
{[%emt 00:01:58]} 14. Qh5 {[%clk 01:30:11]} g5 {[%clk 01:15:02]} {[%emt
00:08:39]} 15. Bxh7+ {[%clk 01:28:37]} {[%emt 00:02:05]} Kg7 {[%clk 01:14:51]}
{[%emt 00:00:41]} 16. Nf3 {[%clk 01:27:51]} {[%emt 00:01:15]} Rh8 {[%clk
01:13:21]} {[%emt 00:02:00]} 17. Qxg5+ {[%clk 01:27:36]} {[%emt 00:00:46]} Qxg5
{[%clk 01:13:35]} {[%emt 00:00:16]} 18. Nxg5 {[%clk 01:27:18]} {[%emt
00:00:48]} f6 {[%clk 01:13:53]} {[%emt 00:00:12]} 19. Bc2 {[%clk 01:24:45]}
{[%emt 00:03:03]} fxg5 {[%clk 01:13:56]} {[%emt 00:00:27]} 20. Rxe5 {[%clk
01:25:04]} {[%emt 00:00:10]} g4 {[%clk 01:13:55]} {[%emt 00:00:33]} 21. Re7+
{[%clk 01:24:46]} {[%emt 00:00:47]} Kf6 {[%clk 01:14:11]} {[%emt 00:00:15]} 22.
Rae1 {[%clk 01:24:45]} {[%emt 00:00:29]} Nc6 {[%clk 01:14:18]} {[%emt
00:00:24]} 23. Re8 {[%clk 01:24:33]} {[%emt 00:00:42]} Bd7 {[%clk 01:12:53]}
{[%emt 00:01:56]} 24. Rxa8 Rxa8 {[%clk 01:13:16]} 25. Rd1 {[%clk 01:21:08]}
{[%emt 00:02:18]} Re8 {[%clk 01:13:14]} {[%emt 00:00:32]} 26. Rd6+ {[%clk
01:19:42]} {[%emt 00:01:56]} Re6 {[%clk 01:13:14]} {[%emt 00:00:30]} 27. Rd1
{[%clk 01:19:34]} {[%emt 00:00:33]} Re2 {[%clk 01:12:30]} {[%emt 00:01:18]} 28.
Bh7 {[%clk 01:19:21]} {[%emt 00:00:41]} Be6 {[%clk 01:11:16]} {[%emt 00:01:47]}
29. b4 {[%clk 01:18:55]} {[%emt 00:00:56]} Rxa2 {[%clk 01:10:55]} {[%emt
00:00:50]} 30. g3 {[%clk 01:18:53]} {[%emt 00:00:31]} Ne5 {[%clk 01:09:04]}
{[%emt 00:02:22]} 31. Be4 {[%clk 01:17:31]} {[%emt 00:01:52]} b6 {[%emt
00:05:28]} 32. Rd6 {[%clk 01:17:14]} Nf3+ {[%clk 01:04:14]} {[%emt 00:01:08]}
33. Bxf3 {[%clk 01:15:43]} {[%emt 00:02:01]} gxf3 {[%clk 01:04:30]} {[%emt
00:00:14]} 34. h4 {[%clk 01:15:49]} {[%emt 00:00:23]} b5 {[%clk 01:03:04]}
{[%emt 00:01:58]} 35. Rd3 {[%clk 01:15:03]} {[%emt 00:01:16]} Kg6 {[%clk
01:01:43]} {[%emt 00:01:51]} 36. Rd6 {[%clk 01:14:36]} {[%emt 00:00:55]} Kf5
{[%clk 01:01:26]} {[%emt 00:00:46]} 37. g4+ {[%clk 01:14:30]} {[%emt 00:00:39]}
Ke5 {[%clk 01:01:22]} {[%emt 00:00:33]} 38. Rd4 {[%clk 01:14:44]} {[%emt
00:00:16]} Rc2 {[%clk 01:00:30]} {[%emt 00:01:20]} 39. g5 {[%clk 01:14:57]}
{[%emt 00:00:20]} Rxc3 {[%clk 01:00:13]} {[%emt 00:00:47]} 40. Rd1 {[%clk
01:15:02]} {[%emt 00:00:23]} Rc4 {[%clk 00:59:41]} {[%emt 00:01:02]} 41. Re1+
{[%clk 01:14:45]} {[%emt 00:00:49]} Kf5 {[%clk 00:59:46]} {[%emt 00:00:24]} 42.
h5 {[%clk 01:14:47]} {[%emt 00:00:23]} Rg4+ {[%clk 01:00:08]} {[%emt 00:00:14]}
43. Kh2 {[%clk 01:14:49]} {[%emt 00:00:25]} Rxg5 {[%clk 01:00:25]} {[%emt
00:00:16]} 44. h6 {[%clk 01:14:53]} {[%emt 00:00:25]} Rh5+ {[%clk 01:00:43]}
{[%emt 00:00:13]} 45. Kg3 {[%clk 01:15:07]} {[%emt 00:00:16]} Rxh6 {[%clk
00:59:53]} {[%emt 00:01:20]} 46. Kxf3 {[%clk 01:15:23]} {[%emt 00:00:14]} Bd5+
{[%clk 01:00:03]} {[%emt 00:00:20]} 47. Kg3 {[%clk 01:15:29]} {[%emt 00:00:23]}
Rg6+ {[%clk 00:59:47]} {[%emt 00:00:44]} 48. Kh3 {[%clk 01:15:08]} {[%emt
00:00:54]} Kf4 {[%clk 00:59:53]} {[%emt 00:00:21]} 49. Kh2 {[%clk 01:15:05]}
{[%emt 00:00:33]} Rh6+ {[%clk 01:00:12]} {[%emt 00:00:13]} 0-1

[Event "DVM U12 2024"]
[Site "Heidelberg GER"]
[Date "2024.12.27"]
[Round "2"]
[White "Völpel, Alexander"]
[Black "Kurakin, Martin"]
[Result "0-1"]
[Termination "normal"]
[Board "3.4"]
[WhiteElo "1628"]
[BlackElo "1389"]
[WhiteClock "01:12:41"]
[BlackClock "01:28:34"]
[WhiteTeam "SV Werder Bremen"]
[BlackTeam "Düsseldorfer SK 14/25"]
[PlyCount "53"]
[WhiteFideId "34603131"]
[BlackFideId "4519949"]
[EventCountry "GER"]
[EventRounds "7"]
[EventType "team-swiss"]
[EventDate "2024.12.26"]

1. e4 {[%clk 01:30:58]} c5 {[%clk 01:30:42]} {[%emt 00:00:19]} 2. Nf3 {[%clk
01:31:19]} {[%emt 00:00:09]} d6 {[%clk 01:30:36]} {[%emt 00:00:36]} 3. d4
{[%clk 01:31:38]} {[%emt 00:00:11]} cxd4 {[%clk 01:30:50]} {[%emt 00:00:15]} 4.
Nxd4 {[%clk 01:32:03]} {[%emt 00:00:05]} Nc6 {[%clk 01:30:47]} {[%emt
00:00:32]} 5. Nb3 {[%clk 01:32:03]} {[%emt 00:00:31]} Nf6 {[%clk 01:31:06]}
{[%emt 00:00:11]} 6. Nc3 {[%clk 01:32:28]} {[%emt 00:00:06]} e6 {[%clk
01:30:42]} {[%emt 00:00:53]} 7. Be3 {[%clk 01:32:32]} {[%emt 00:00:25]} Be7
{[%clk 01:30:53]} {[%emt 00:00:20]} 8. Be2 {[%clk 01:32:52]} {[%emt 00:00:11]}
O-O {[%clk 01:30:45]} {[%emt 00:00:38]} 9. Qd2 {[%clk 01:32:59]} {[%emt
00:00:23]} a6 {[%clk 01:30:41]} {[%emt 00:00:35]} 10. f4 {[%clk 01:33:09]}
{[%emt 00:00:20]} b5 {[%clk 01:30:53]} {[%emt 00:00:17]} 11. g4 {[%clk
01:33:33]} {[%emt 00:00:07]} b4 {[%clk 01:30:53]} {[%emt 00:00:29]} 12. Nd1
{[%clk 01:33:19]} {[%emt 00:00:45]} Nxe4 {[%clk 01:31:10]} {[%emt 00:00:12]}
13. Qd3 {[%clk 01:33:12]} {[%emt 00:00:37]} Bb7 {[%clk 01:30:52]} {[%emt
00:00:48]} 14. Bf3 {[%clk 01:28:19]} {[%emt 00:05:23]} Bh4+ {[%clk 01:30:08]}
{[%emt 00:01:15]} 15. Ke2 {[%clk 01:25:55]} {[%emt 00:02:52]} d5 {[%clk
01:29:12]} {[%emt 00:01:26]} 16. Bxe4 {[%clk 01:21:26]} {[%emt 00:05:00]} dxe4
{[%clk 01:29:11]} {[%emt 00:00:31]} 17. Qxe4 {[%clk 01:21:49]} {[%emt
00:00:07]} Na5 {[%clk 01:29:18]} {[%emt 00:00:25]} 18. Qxb4 {[%clk 01:21:55]}
{[%emt 00:00:24]} Nxb3 {[%clk 01:29:22]} {[%emt 00:00:25]} 19. cxb3 {[%clk
01:22:17]} {[%emt 00:00:10]} Bxh1 {[%clk 01:29:40]} {[%emt 00:00:11]} 20. Nf2
{[%clk 01:20:59]} {[%emt 00:01:47]} Bxf2 {[%clk 01:29:44]} {[%emt 00:00:26]}
21. Bxf2 {[%clk 01:20:47]} {[%emt 00:00:41]} Qd5 {[%clk 01:29:18]} {[%emt
00:00:55]} 22. Qc3 {[%clk 01:19:57]} {[%emt 00:01:22]} Rac8 {[%clk 01:29:11]}
{[%emt 00:00:31]} 23. Qe3 {[%clk 01:13:40]} {[%emt 00:06:54]} Rc2+ {[%clk
01:28:01]} {[%emt 00:01:39]} 24. Ke1 {[%clk 01:13:47]} {[%emt 00:00:23]} Bf3
{[%clk 01:28:08]} {[%emt 00:00:24]} 25. Qd4 {[%clk 01:12:23]} {[%emt 00:01:43]}
Rd8 {[%clk 01:28:08]} {[%emt 00:00:40]} 26. Qxd5 {[%clk 01:12:27]} {[%emt
00:00:26]} Rxd5 {[%clk 01:28:34]} {[%emt 00:00:04]} 27. Be3 {[%clk 01:12:41]}
{[%emt 00:00:14]} 0-1

[Event "DVM U12 2024"]
[Site "Heidelberg GER"]
[Date "2024.12.27"]
[Round "2"]
[White "Kovalskyy, Alicia"]
[Black "Jahn, Gustav"]
[Result "1/2-1/2"]
[Termination "normal"]
[Board "4.1"]
[WhiteElo "1757"]
[BlackElo "1822"]
[WhiteClock "00:28:16"]
[BlackClock "00:41:57"]
[WhiteTeam "Düsseldorfer SV 1854"]
[BlackTeam "SV Dresden-Striesen"]
[PlyCount "93"]
[WhiteFideId "34612130"]
[BlackFideId "34666605"]
[EventCountry "GER"]
[EventRounds "7"]
[EventType "team-swiss"]
[EventDate "2024.12.26"]

1. e4 {[%clk 01:30:51]} {[%emt 00:00:08]} c6 {[%clk 01:30:51]} {[%emt
00:00:09]} 2. d4 {[%clk 01:31:18]} {[%emt 00:00:03]} d5 {[%clk 01:31:16]}
{[%emt 00:00:05]} 3. e5 {[%clk 01:31:26]} {[%emt 00:00:22]} c5 {[%clk
01:31:39]} {[%emt 00:00:08]} 4. dxc5 {[%clk 01:31:52]} {[%emt 00:00:04]} e6
{[%clk 01:31:59]} {[%emt 00:00:09]} 5. a3 {[%clk 01:32:01]} {[%emt 00:00:22]}
Bxc5 {[%clk 01:32:20]} {[%emt 00:00:09]} 6. b4 {[%clk 01:32:26]} {[%emt
00:00:04]} Bb6 {[%clk 01:32:14]} {[%emt 00:00:36]} 7. Bb2 {[%clk 01:31:03]}
{[%emt 00:01:53]} Qh4 {[%clk 01:30:20]} {[%emt 00:02:24]} 8. Qd2 {[%clk
01:25:50]} {[%emt 00:05:43]} Nc6 {[%clk 01:28:18]} {[%emt 00:02:32]} 9. Nf3
{[%clk 01:23:02]} {[%emt 00:03:18]} Qe4+ {[%clk 01:26:21]} {[%emt 00:02:27]}
10. Be2 {[%clk 01:22:56]} {[%emt 00:00:35]} Nh6 {[%clk 01:21:27]} {[%emt
00:05:24]} 11. b5 {[%clk 00:56:14]} {[%emt 00:27:13]} Na5 {[%clk 01:16:39]}
{[%emt 00:05:16]} 12. Ng5 {[%clk 00:36:29]} {[%emt 00:20:15]} Qf5 {[%clk
01:02:41]} {[%emt 00:14:29]} 13. Bd3 {[%clk 00:32:24]} {[%emt 00:04:35]} Nc4
{[%clk 00:54:38]} {[%emt 00:08:33]} 14. Bxf5 {[%clk 00:30:21]} {[%emt
00:02:32]} Nxd2 {[%clk 00:54:59]} {[%emt 00:00:09]} 15. Bd3 {[%clk 00:24:56]}
{[%emt 00:05:56]} Nxb1 {[%clk 00:55:02]} {[%emt 00:00:27]} 16. Rxb1 {[%clk
00:25:23]} {[%emt 00:00:03]} g6 {[%clk 00:51:28]} {[%emt 00:04:03]} 17. Ke2
{[%clk 00:23:35]} {[%emt 00:02:19]} O-O {[%clk 00:50:42]} {[%emt 00:01:17]} 18.
h4 {[%clk 00:19:35]} {[%emt 00:04:31]} Ng4 {[%clk 00:49:31]} {[%emt 00:01:40]}
19. Rbf1 {[%clk 00:14:56]} {[%emt 00:05:09]} h5 {[%clk 00:44:00]} {[%emt
00:06:01]} 20. Nf3 {[%clk 00:12:42]} {[%emt 00:02:44]} Bd7 {[%clk 00:43:28]}
{[%emt 00:01:03]} 21. Nh2 {[%clk 00:12:43]} {[%emt 00:00:28]} Nxh2 {[%clk
00:43:16]} {[%emt 00:00:42]} 22. Rxh2 {[%clk 00:13:11]} {[%emt 00:00:03]} a6
{[%clk 00:43:25]} {[%emt 00:00:21]} 23. bxa6 {[%clk 00:13:22]} {[%emt
00:00:19]} bxa6 {[%clk 00:43:30]} {[%emt 00:00:24]} 24. g4 {[%clk 00:12:44]}
{[%emt 00:01:07]} Bb5 {[%clk 00:42:49]} {[%emt 00:01:12]} 25. gxh5 {[%clk
00:12:38]} {[%emt 00:00:36]} Bxd3+ {[%clk 00:43:01]} {[%emt 00:00:17]} 26. Kxd3
{[%clk 00:12:20]} {[%emt 00:00:49]} gxh5 {[%clk 00:43:15]} {[%emt 00:00:16]}
27. f4 {[%clk 00:03:26]} {[%emt 00:09:23]} Kh7 {[%clk 00:40:47]} {[%emt
00:02:58]} 28. f5 {[%clk 00:03:54]} {[%emt 00:00:03]} Rac8 {[%clk 00:39:29]}
{[%emt 00:01:48]} 29. Rh3 {[%clk 00:03:29]} {[%emt 00:00:55]} Rg8 {[%clk
00:34:59]} {[%emt 00:05:00]} 30. fxe6 {[%clk 00:03:32]} {[%emt 00:00:27]} fxe6
{[%clk 00:35:20]} {[%emt 00:00:09]} 31. Rf6 {[%clk 00:02:35]} {[%emt 00:01:26]}
Rg6 {[%clk 00:34:28]} {[%emt 00:01:23]} 32. Rf7+ {[%clk 00:02:01]} {[%emt
00:01:04]} Rg7 {[%clk 00:34:45]} {[%emt 00:00:13]} 33. Rf6 {[%clk 00:02:29]}
{[%emt 00:00:02]} Re8 {[%clk 00:33:10]} {[%emt 00:02:04]} 34. Bc1 {[%clk
00:02:19]} {[%emt 00:00:40]} Rg1 {[%clk 00:31:29]} {[%emt 00:02:10]} 35. Bd2
{[%clk 00:01:25]} {[%emt 00:01:24]} Rg6 {[%clk 00:30:05]} {[%emt 00:01:53]} 36.
Rhf3 {[%clk 00:01:08]} {[%emt 00:00:48]} Bd8 {[%clk 00:29:19]} {[%emt
00:01:17]} 37. Rf7+ {[%clk 00:00:56]} {[%emt 00:00:42]} Rg7 {[%clk 00:27:21]}
{[%emt 00:02:27]} 38. Be1 {[%clk 00:00:56]} {[%emt 00:00:30]} Kg8 {[%clk
00:25:23]} {[%emt 00:02:27]} 39. R7f4 {[%clk 00:00:37]} {[%emt 00:00:49]} Be7
{[%clk 00:24:22]} {[%emt 00:01:31]} 40. Bb4 {[%clk 00:00:59]} {[%emt 00:00:09]}
Bxb4 {[%clk 00:23:51]} {[%emt 00:01:01]} 41. Rxb4 {[%clk 00:00:34]} {[%emt
00:00:55]} Rf8 {[%clk 00:19:57]} {[%emt 00:04:24]} 42. Rxf8+ {[%clk 00:28:45]}
{[%emt 00:02:19]} Kxf8 {[%clk 00:50:20]} {[%emt 00:00:07]} 43. Rb8+ {[%clk
00:27:24]} {[%emt 00:01:50]} Kf7 {[%clk 00:49:39]} {[%emt 00:01:11]} 44. Rb7+
{[%clk 00:27:50]} {[%emt 00:00:05]} Kg6 {[%clk 00:50:00]} {[%emt 00:00:09]} 45.
Rxg7+ {[%clk 00:27:24]} {[%emt 00:00:52]} Kxg7 {[%clk 00:50:22]} {[%emt
00:00:11]} 46. Ke3 {[%clk 00:27:51]} {[%emt 00:00:04]} Kg6 {[%clk 00:41:57]}
{[%emt 00:08:55]} 47. Kf4 {[%clk 00:28:16]} {[%emt 00:00:05]} 1/2-1/2

[Event "DVM U12 2024"]
[Site "Heidelberg GER"]
[Date "2024.12.27"]
[Round "2"]
[White "Thoms, Eric"]
[Black "Teng, David"]
[Result "1-0"]
[Termination "normal"]
[Board "4.2"]
[WhiteElo "1666"]
[BlackElo "1732"]
[WhiteClock "00:44:45"]
[BlackClock "00:24:40"]
[WhiteTeam "SV Dresden-Striesen"]
[BlackTeam "Düsseldorfer SV 1854"]
[PlyCount "77"]
[WhiteFideId "34623450"]
[BlackFideId "34604570"]
[EventCountry "GER"]
[EventRounds "7"]
[EventType "team-swiss"]
[EventDate "2024.12.26"]

1. d4 {[%clk 01:30:57]} {[%emt 00:00:03]} d5 {[%clk 01:30:43]} {[%emt
00:00:17]} 2. g3 {[%clk 01:31:13]} {[%emt 00:00:14]} Nf6 {[%clk 01:30:16]}
{[%emt 00:00:57]} 3. Bg2 {[%clk 01:31:32]} {[%emt 00:00:11]} Bf5 {[%clk
01:29:24]} {[%emt 00:01:22]} 4. Nf3 {[%clk 01:31:47]} {[%emt 00:00:15]} e6
{[%clk 01:29:06]} {[%emt 00:00:49]} 5. O-O {[%clk 01:31:46]} {[%emt 00:00:31]}
Be7 {[%clk 01:28:57]} {[%emt 00:00:39]} 6. c4 {[%clk 01:30:58]} {[%emt
00:01:17]} O-O {[%clk 01:27:52]} {[%emt 00:01:35]} 7. Nc3 {[%clk 01:30:56]}
{[%emt 00:00:32]} c6 {[%clk 01:27:54]} {[%emt 00:00:28]} 8. cxd5 {[%clk
01:26:08]} {[%emt 00:05:18]} cxd5 {[%clk 01:27:03]} {[%emt 00:01:21]} 9. Qb3
{[%clk 01:25:13]} {[%emt 00:01:25]} Nc6 {[%clk 01:16:35]} {[%emt 00:10:59]} 10.
Qxb7 {[%clk 01:19:38]} {[%emt 00:06:04]} Nb4 {[%clk 01:16:17]} {[%emt
00:00:48]} 11. Bf4 {[%clk 01:17:27]} {[%emt 00:02:41]} Bd6 {[%clk 01:15:45]}
{[%emt 00:01:02]} 12. Bxd6 {[%clk 01:16:42]} {[%emt 00:01:15]} Qxd6 {[%clk
01:16:14]} {[%emt 00:00:02]} 13. Qb5 {[%clk 01:12:52]} {[%emt 00:04:20]} Rfb8
{[%clk 01:13:36]} {[%emt 00:03:08]} 14. Qa4 {[%clk 01:11:42]} {[%emt 00:01:40]}
Nc2 {[%clk 01:12:17]} {[%emt 00:01:49]} 15. Rac1 {[%clk 01:04:54]} {[%emt
00:07:17]} Rxb2 {[%clk 01:08:46]} {[%emt 00:04:01]} 16. Nh4 {[%clk 01:04:13]}
{[%emt 00:01:11]} Qc7 {[%clk 01:00:36]} {[%emt 00:08:40]} 17. Nd1 {[%clk
01:03:11]} {[%emt 00:01:31]} Qb6 {[%clk 00:40:18]} {[%emt 00:20:49]} 18. Nxf5
{[%clk 00:59:22]} {[%emt 00:04:18]} Rb4 {[%clk 00:38:41]} {[%emt 00:02:07]} 19.
Qxc2 {[%clk 00:59:16]} {[%emt 00:00:37]} Rc4 {[%clk 00:38:45]} {[%emt
00:00:26]} 20. Qd2 {[%clk 00:58:11]} {[%emt 00:01:35]} Rxc1 {[%clk 00:38:54]}
{[%emt 00:00:21]} 21. Qxc1 {[%clk 00:57:51]} {[%emt 00:00:49]} exf5 {[%clk
00:38:15]} {[%emt 00:01:10]} 22. Ne3 {[%clk 00:52:51]} {[%emt 00:05:30]} Qxd4
{[%clk 00:36:07]} {[%emt 00:02:37]} 23. Rd1 {[%clk 00:51:59]} {[%emt 00:01:23]}
Qe5 {[%clk 00:33:30]} {[%emt 00:03:08]} 24. Nxd5 {[%clk 00:52:17]} {[%emt
00:00:12]} Re8 {[%clk 00:30:54]} {[%emt 00:03:05]} 25. Nxf6+ {[%clk 00:52:26]}
{[%emt 00:00:21]} Qxf6 {[%clk 00:31:10]} {[%emt 00:00:15]} 26. Qc6 {[%clk
00:50:14]} {[%emt 00:02:41]} Qe5 {[%clk 00:30:26]} {[%emt 00:01:14]} 27. e3
{[%clk 00:50:16]} {[%emt 00:00:28]} Rf8 {[%clk 00:29:48]} {[%emt 00:01:09]} 28.
Qd5 {[%clk 00:49:39]} {[%emt 00:01:05]} Qf6 {[%clk 00:29:47]} {[%emt 00:00:32]}
29. Qd4 {[%clk 00:48:45]} {[%emt 00:01:24]} Qa6 {[%clk 00:29:55]} {[%emt
00:00:22]} 30. a4 {[%clk 00:48:36]} {[%emt 00:00:39]} Qa5 {[%clk 00:29:18]}
{[%emt 00:01:07]} 31. Qc4 {[%clk 00:46:57]} {[%emt 00:02:09]} Qb6 {[%clk
00:26:49]} {[%emt 00:02:59]} 32. Rd7 {[%clk 00:44:15]} {[%emt 00:03:11]} Qf6
{[%clk 00:26:10]} {[%emt 00:01:09]} 33. Bd5 {[%clk 00:43:39]} {[%emt 00:01:06]}
g6 {[%clk 00:24:05]} {[%emt 00:02:36]} 34. Rxa7 {[%clk 00:43:52]} {[%emt
00:00:16]} Qa1+ {[%clk 00:24:18]} {[%emt 00:00:17]} 35. Kg2 {[%clk 00:44:13]}
{[%emt 00:00:09]} Qf6 {[%clk 00:23:56]} {[%emt 00:00:52]} 36. Bxf7+ {[%clk
00:43:44]} {[%emt 00:01:00]} Rxf7 {[%clk 00:23:51]} {[%emt 00:00:35]} 37. Qxf7+
{[%clk 00:44:03]} {[%emt 00:00:11]} Qxf7 {[%clk 00:24:14]} {[%emt 00:00:07]}
38. Rxf7 {[%clk 00:44:24]} {[%emt 00:00:07]} Kxf7 {[%clk 00:24:40]} {[%emt
00:00:05]} 39. a5 {[%clk 00:44:45]} {[%emt 00:00:09]} 1-0